000 00350nab a22001097u 4500
008 130520b1988 xxu||||| |||| 00| 0 spa d
041 _aspa
100 1 _aLynch, J. E.
_967431
245 0 0 _aEl ejercicio del poder en la Iglesia. Panorama histórico-crítico
_cJ. E. Lynch
773 0 _tConcilium
_gV.1,1988,págs.337-348
_x0210-1041
_wRev134
942 _cAR
999 _c355375
_d355375